000 00594nam a22002057a 4500
003 LK-CoDNM
005 20241009102935.0
008 241009b |||||||| |||| 00| 0 eng d
040 _aLK-CoDNM
_dLK-CoDNM
_eLK-CoDNM
041 _aeng
080 _a105
_bC9
100 _vNyanaponika Thera
245 _aThe Greater Discourse on the Elephant - Footprint Simple
260 _aBuddhist Publication Society
_bKandy
_c1966
300 _a30p ; 23cm
650 _a105 C9
650 _aNyanaponika Thera
650 _aThe Greater Discourse on the Elephant - Footprint Simple
942 _cBK
999 _c218558
_d218558